[Event "Oberliga Bayern 1213"]
[Site "Bayern"]
[Date "2012.12.09"]
[Round "4.6"]
[White "Epding, Olaf"]
[Black "Lautner, Josef"]
[Result "1-0"]
[WhiteElo "2254"]
[BlackElo "2175"]
[PlyCount "133"]
[EventDate "2012.10.14"]
[EventType "team-tourn"]
[EventRounds "9"]
[EventCountry "GER"]
[SourceTitle "EXT 2015"]
[Source "ChessBase"]
[SourceDate "2014.11.20"]
[SourceVersion "1"]
[SourceVersionDate "2014.11.20"]
[SourceQuality "1"]
[WhiteTeam "Nuernberg NT"]
[BlackTeam "Passau"]
[WhiteTeamCountry "GER"]
[BlackTeamCountry "GER"]

1. e4 Nf6 2. e5 Nd5 3. d4 d6 4. Nf3 g6 5. Bc4 Nb6 6. Bb3 Bg7 7. 0-0 Nc6 8. Ng5 e6 9. f4 dxe5 10. dxe5 Qd4+ 11. Kh1 h6 12. Nf3 Qxd1 13. Rxd1 Na5 14. Nc3 Bd7 15. Ne4 0-0-0 16. Bd2 Nxb3 17. axb3 Bc6 18. Re1 a6 19. Kg1 Bf8 20. Kf2 Be7 21. Re2 Rhg8 22. Kg3 Nd5 23. Be1 g5 24. fxg5 hxg5 25. Bd2 g4 26. Nfg5 f5 27. exf6 Nxf6 28. Nxf6 Bxf6 29. Nxe6 Be5+ 30. Bf4 Bxf4+ 31. Nxf4 Rd6 32. Rae1 Bd7 33. Re7 Rh6 34. Rf7 Be8 35. Rfe7 Bd7 36. Rd1 Bf5 37. c3 Kb8 38. b4 Rgh8 39. Rd5 Bc8 40. Rg5 Rxh2 41. Nd5 R2h7 42. Rge5 Rxe7 43. Nxe7 Bd7 44. Rg5 Ka7 45. Rg8 Rxg8 46. Nxg8 Kb6 47. Nf6 Be6 48. Nxg4 Kb5 49. Ne5 Ka4 50. Nd3 b6 51. Nc1 a5 52. bxa5 bxa5 53. Kf4 Kb5 54. Ke5 Bg4 55. Kd4 a4 56. Nd3 a3 57. bxa3 Ka4 58. Ne5 Be6 59. c4 Kxa3 60. Kc5 Kb3 61. g4 Kc3 62. g5 Bg8 63. g6 Be6 64. Kb5 Kd4 65. Nc6+ Ke4 66. Kc5 Kf4 67. Ne7 1-0

[Event "Oberliga Bayern 1213"]
[Site "Bayern"]
[Date "2012.11.11"]
[Round "2.6"]
[White "Epding, Olaf"]
[Black "Giss, Arthur"]
[Result "1-0"]
[WhiteElo "2254"]
[BlackElo "2052"]
[PlyCount "61"]
[EventDate "2012.10.14"]
[EventType "team-tourn"]
[EventRounds "9"]
[EventCountry "GER"]
[SourceTitle "EXT 2015"]
[Source "ChessBase"]
[SourceDate "2014.11.20"]
[SourceVersion "1"]
[SourceVersionDate "2014.11.20"]
[SourceQuality "1"]
[WhiteTeam "Nuernberg NT"]
[BlackTeam "Dillingen"]
[WhiteTeamCountry "GER"]
[BlackTeamCountry "GER"]

1. e4 c5 2. Nf3 d6 3. d4 cxd4 4. Nxd4 Nf6 5. Nc3 a6 6. a4 e6 7. Be2 Qc7 8. 0-0 Be7 9. f4 Nc6 10. Be3 Nxd4 11. Bxd4 e5 12. Be3 Bd7 13. Nd5 Nxd5 14. exd5 Bf6 15. Kh1 0-0 16. c3 b5 17. axb5 axb5 18. Qb3 Ra5 19. Bd3 Rfa8 20. Rae1 Qb7 21. Qc2 h6 22. fxe5 Bxe5 23. Bh7+ Kf8 24. Qd2 Be8 25. Bxh6 gxh6 26. Qxh6+ Ke7 27. Rxe5+ dxe5 28. d6+ Kd8 29. Qf6+ Kc8 30. Bf5+ Kb8 31. Qd8+ 1-0

[Event "Bayern-chI Bank Hofmann 16th"]
[Site "Bad Wiessee"]
[Date "2012.11.04"]
[Round "9"]
[White "Hoffmann, Michael1111"]
[Black "Epding, Olaf"]
[Result "1-0"]
[WhiteElo "1969"]
[BlackElo "2229"]
[PlyCount "83"]
[EventDate "2012.10.27"]
[EventType "swiss"]
[EventRounds "9"]
[EventCountry "GER"]
[SourceTitle "EXT 2013"]
[Source "ChessBase"]
[SourceDate "2012.11.22"]
[SourceVersion "1"]
[SourceVersionDate "2012.11.22"]
[SourceQuality "1"]

1. d4 d5 2. c4 e6 3. Nc3 Nf6 4. Bg5 Be7 5. e3 h6 6. Bh4 0-0 7. Rc1 b6 8. Bxf6 Bxf6 9. cxd5 exd5 10. g3 Bb7 11. Bg2 Re8 12. Nge2 c6 13. 0-0 Nd7 14. b4 a6 15. a4 b5 16. a5 Nf8 17. Qb3 Ne6 18. Rfd1 Qd7 19. h4 Rad8 20. Rc2 Qe7 21. Nc1 g6 22. N3e2 Bg7 23. Nd3 Rd6 24. Rdc1 Nf8 25. Bh3 f5 26. Ne5 Bxe5 27. dxe5 Qxe5 28. Nd4 Qf6 29. h5 Re4 30. hxg6 Rxd4 31. exd4 Ne6 32. Qd3 Kg7 33. Re1 Kxg6 34. Re5 Ng7 35. Bxf5+ Nxf5 36. g4 Bc8 37. f4 Qh4 38. gxf5+ Kf7 39. f6 Rxf6 40. Qh7+ Kf8 41. Qh8+ Kf7 42. Qe8+ 1-0